| 000 -LEADER |
| fixed length control field |
00574cam a2200181 a 4500 |
| 020 ## - INTERNATIONAL STANDARD BOOK NUMBER |
| ISBN |
0256188769 |
| 040 ## - CATALOGING SOURCE |
| Transcribing agency |
DLC |
| 082 00 - DEWEY DECIMAL CLASSIFICATION NUMBER |
| Classification number |
658 LRW 1997 A106 Or. |
| 100 1# - MAIN ENTRY--AUTHOR NAME |
| Personal name |
Hill, Charles W. L |
| 245 10 - TITLE STATEMENT |
| Title |
International business : |
| Remainder of title |
competing in the global marketplace / |
| 250 ## - EDITION STATEMENT |
| Edition statement |
2nd ed |
| 260 ## - PUBLICATION, DISTRIBUTION, ETC. (IMPRINT) |
| Place of publication |
Chicago : |
| Name of publisher |
Irwin, |
| Year of publication |
c1997 |
| 300 ## - PHYSICAL DESCRIPTION |
| Number of Pages |
xx, 630 p. : |
| Other physical details |
col. ill., maps ; |
| Dimensions |
28 cm |
| 500 ## - GENERAL NOTE |
| General note |
Folded map with list of acronyms, and country and city names, inserted |
| 650 #0 - SUBJECT ADDED ENTRY--TOPICAL TERM |
| Topical Term |
International business enterprises |
| 650 #0 - SUBJECT ADDED ENTRY--TOPICAL TERM |
| Topical Term |
Competition, International |
| 942 ## - ADDED ENTRY ELEMENTS (KOHA) |
| Koha item type |
សៀវភៅភាសាអង់គ្លេស |
| 952 ## - LOCATION AND ITEM INFORMATION (KOHA) |
| Withdrawn status [LOCAL, KOHA] |
0 |